000 00493nam a2200169Ia 4500
999 _c20340
_d20340
003 OSt
005 20200622153334.0
008 190216s9999||||xx |||||||||||||| ||und||
040 _coclc
082 _a954.020924
_bHAB/S
100 _aHabib, Mohammad
_93095
245 0 _aSultan Mahmud Of Ghaznin /
_cMohammad Habib
260 _bS Chand & Company,
_c1990.
_aNew Delhi:
300 _a128p
650 _aHistory
942 _cBK
_2ddc
_h954.020924
_iHAB/S
_k954.020924
_mHAB/S